[Event "10th Essent op"]
[Site "Hoogeveen NED"]
[Date "2006.10.26"]
[Round "7.41"]
[White "Ten Hagen, Yorick"]
[Black "Malinarski, Yehuda"]
[Result "0-1"]
[WhiteElo "2077"]
[BlackElo "2126"]
[EventDate "2006.10.20"]
[PlyCount "114"]

1.e4 c5 2.Nf3 e6 3.b3 a6 4.Bb2 Nf6 5.Bd3 Nc6 6.Qe2 Nb4 7.O-O Nxd3 8.Qxd3 
d5 9.exd5 Qxd5 10.Qe2 Qe4 11.Qd1 Be7 12.Re1 Qc6 13.Ne5 Qc7 14.Qf3 Bd7 15.
a4 O-O 16.d3 Nd5 17.Nd2 Rad8 18.Qg3 Be8 19.f4 f6 20.Ne4 Nb4 21.Re2 Nc6 22.
Nf3 Nd4 23.Nxd4 cxd4 24.Rf1 Bc6 25.Qh3 Bd7 26.Rf3 f5 27.Ng3 Bf6 28.Nh5 Qc5
29.Qg3 Rf7 30.Qf2 Bc6 31.Rg3 Bh4 32.Rxg7+ Rxg7 33.Qxh4 Qe7 34.Qxe7 Rxe7 
35.Ba3 Rc7 36.Rxe6 Bd5 37.Re5 Bf7 38.Ng3 Bg6 39.h4 Rxc2 40.h5 Bf7 41.Be7 
Rd5 42.Nxf5 Rxe5 43.fxe5 Bd5 44.g4 Rd2 45.b4 Rxd3 46.Bc5 Kf7 47.g5 Ke6 48.
Nxd4+ Kxe5 49.Ne2 Kf5 50.Be7 Re3 51.Nd4+ Kg4 52.Bf6 Kxh5 53.Kf2 Rh3 54.a5 
Kg6 55.Ne2 Rf3+ 56.Ke1 h6 57.Nd4 Rf4 0-1

[Event "10th Essent op"]
[Site "Hoogeveen NED"]
[Date "2006.10.26"]
[Round "7.42"]
[White "Friesen, Boris"]
[Black "Hendriks, Peter"]
[Result "1/2-1/2"]
[WhiteElo "2154"]
[BlackElo "2092"]
[EventDate "2006.10.20"]
[PlyCount "57"]

1.e4 d5 2.exd5 Qxd5 3.Nc3 Qa5 4.d4 Nf6 5.Bc4 Bg4 6.Nf3 Nc6 7.h3 Qh5 8.Be2 
e6 9.Rg1 Bxf3 10.Bxf3 Qf5 11.g4 Qg6 12.Be3 Nb4 13.Rc1 Nbd5 14.Nxd5 Nxd5 
15.Bd2 c6 16.Qe2 Bd6 17.c4 Nf4 18.Bxf4 Bxf4 19.Rd1 O-O 20.Kf1 Rfe8 21.Be4 
Qf6 22.Qf3 Bg5 23.Kg2 Rad8 24.d5 cxd5 25.Qxf6 Bxf6 26.cxd5 exd5 27.Bxd5 
Bxb2 28.Bxb7 g6 29.Bd5 1/2-1/2

[Event "10th Essent op"]
[Site "Hoogeveen NED"]
[Date "2006.10.27"]
[Round "8.1"]
[White "Brodsky, Mikhail"]
[Black "Cheparinov, Ivan"]
[Result "0-1"]
[WhiteElo "2566"]
[BlackElo "2632"]
[EventDate "2006.10.20"]
[PlyCount "68"]

1.e4 c5 2.Nf3 d6 3.d4 Nf6 4.Nc3 cxd4 5.Nxd4 a6 6.Be3 e6 7.f3 b5 8.Qd2 b4 
9.Na4 Nbd7 10.O-O-O Qa5 11.b3 Bb7 12.a3 Qc7 13.axb4 d5 14.b5 e5 15.b6 Nxb6
16.Ne6 fxe6 17.Bxb6 Ba3+ 18.Kb1 Qe7 19.Ba5 Rb8 20.Qc3 Bd6 21.Bd3 O-O 22.
Rhe1 d4 23.Qd2 Nd7 24.Nb2 Nc5 25.Nc4 Bc6 26.Ka2 Bb5 27.Be2 Rfc8 28.Nxd6 
Qxd6 29.Rb1 Bxe2 30.Rxe2 Qc6 31.Ree1 Qb5 32.Rec1 Rc6 33.Ka1 d3 34.Ka2 dxc2
0-1

[Event "10th Essent op"]
[Site "Hoogeveen NED"]
[Date "2006.10.27"]
[Round "8.3"]
[White "Khairullin, Ildar"]
[Black "Gurevich, Mikhail"]
[Result "1/2-1/2"]
[WhiteElo "2543"]
[BlackElo "2648"]
[EventDate "2006.10.20"]
[PlyCount "75"]

1.e4 e6 2.d4 d5 3.e5 c5 4.c3 Nc6 5.Nf3 Bd7 6.Be2 Nge7 7.Na3 cxd4 8.cxd4 
Nf5 9.Nc2 Qb6 10.h4 Na5 11.h5 h6 12.O-O Bb5 13.Ne3 Nxe3 14.Bxe3 Be7 15.b3 
Nc6 16.Ne1 O-O 17.Bd3 Rac8 18.Qe2 Bxd3 19.Nxd3 Qb5 20.Rfe1 Rc7 21.Rad1 Bb4
22.Nxb4 Qxe2 23.Rxe2 Nxb4 24.Rc1 Rfc8 25.Rxc7 Rxc7 26.Kf1 Kh7 27.g4 Rc6 
28.Ke1 g6 29.Kd1 Rc8 30.a3 Nc6 31.f3 gxh5 32.Rh2 hxg4 33.fxg4 Na5 34.Rxh6+
Kg7 35.Bg5 Nxb3 36.Rh5 Rg8 37.Be7 Nxd4 38.Rg5+ 1/2-1/2

[Event "10th Essent op"]
[Site "Hoogeveen NED"]
[Date "2006.10.27"]
[Round "8.4"]
[White "Rogers, Ian"]
[Black "Postny, Evgeny"]
[Result "0-1"]
[WhiteElo "2526"]
[BlackElo "2609"]
[EventDate "2006.10.20"]
[PlyCount "66"]

1.e4 e5 2.Nf3 Nc6 3.Bb5 a6 4.Ba4 Nf6 5.O-O Be7 6.Re1 b5 7.Bb3 d6 8.c3 O-O 
9.h3 Nb8 10.d4 Nbd7 11.c4 Bb7 12.Nc3 c6 13.c5 Qb8 14.cxd6 Bxd6 15.Bg5 exd4
16.e5 dxc3 17.exf6 g6 18.bxc3 Ne5 19.Bh6 Rd8 20.Nxe5 Bxe5 21.Qxd8+ Qxd8 
22.Rxe5 c5 23.Rae1 c4 24.Bd1 Bc6 25.Bg7 a5 26.Bg4 b4 27.Re7 b3 28.Be2 Bd5 
29.axb3 cxb3 30.c4 Be6 31.Bf3 Rb8 32.Bc6 b2 33.Rb1 Qd2 0-1

[Event "10th Essent op"]
[Site "Hoogeveen NED"]
[Date "2006.10.27"]
[Round "8.5"]
[White "Ernst, Sipke"]
[Black "Werle, Jan"]
[Result "0-1"]
[WhiteElo "2512"]
[BlackElo "2551"]
[EventDate "2006.10.20"]
[PlyCount "128"]

1.d4 Nf6 2.c4 e6 3.Nf3 b6 4.Nc3 Bb7 5.a3 d5 6.cxd5 Nxd5 7.Qc2 Nxc3 8.Qxc3 
Nd7 9.Bg5 Be7 10.Bxe7 Kxe7 11.g3 Nf6 12.Bg2 Qd6 13.O-O Rhc8 14.Qe3 Rab8 
15.Rfd1 Bxf3 16.Bxf3 c5 17.dxc5 Qxc5 18.Qf4 g5 19.Qa4 b5 20.Qa5 g4 21.Bg2 
h5 22.Qd2 Rd8 23.Qf4 Rxd1+ 24.Rxd1 Rc8 25.b4 Qc7 26.Qg5 a6 27.Bf1 Rg8 28.
Qe3 Rc8 29.Qg5 Rg8 30.Qe3 Rc8 31.Rd3 Qc6 32.Qg5 Qe4 33.Rd1 Rc2 34.Qh6 Qe5 
35.Qh8 Qc7 36.Qh6 Rc3 37.Qg5 Rc2 38.Kh1 Qb6 39.Kg1 Qc7 40.h4 gxh3 41.Rd3 
Qb6 42.Rf3 Qd4 43.Kh2 Qe5 44.Qxe5 Ng4+ 45.Kxh3 Nxe5 46.Rb3 Nc4 47.Rb1 Nd2 
48.Rd1 Nxf1 49.Rxf1 Rxe2 50.Kh4 Ra2 51.Kxh5 Rxa3 52.Rc1 Ra4 53.Rc7+ Kf6 
54.g4 Rxb4 55.g5+ Kg7 56.Ra7 Rf4 57.Rxa6 Rxf2 58.Rb6 Rh2+ 59.Kg4 Kg6 60.
Rxb5 Rd2 61.Rb7 Rd4+ 62.Kg3 Rd5 63.Kh4 Rxg5 64.Rxf7 Rh5+ 0-1

[Event "10th Essent op"]
[Site "Hoogeveen NED"]
[Date "2006.10.27"]
[Round "8.6"]
[White "Ikonnikov, Vyacheslav"]
[Black "Smeets, Jan"]
[Result "1/2-1/2"]
[WhiteElo "2587"]
[BlackElo "2525"]
[EventDate "2006.10.20"]
[PlyCount "66"]

1.d4 d5 2.Nf3 c6 3.c4 Nf6 4.Nc3 e6 5.Bg5 dxc4 6.a4 Bb4 7.e4 c5 8.Bxc4 cxd4
9.Bb5+ Nc6 10.Nxd4 O-O 11.Nxc6 Qxd1+ 12.Kxd1 bxc6 13.Bxc6 Rb8 14.Bxf6 gxf6
15.Kc2 Ba6 16.Bb5 Bb7 17.f3 Bd6 18.Rad1 Be5 19.Rd3 Rfc8 20.b3 Bc6 21.Bc4 
Rb4 22.Rhd1 Kg7 23.Rd8 Rc7 24.a5 Bb5 25.Nxb5 Rxb5 26.a6 Ra5 27.R1d7 Rxa6 
28.Rxc7 Ra2+ 29.Kd3 Bxc7 30.Rd7 Bf4 31.Bxe6 Rd2+ 32.Kc4 Rxd7 33.Bxd7 Bxh2 
1/2-1/2

[Event "10th Essent op"]
[Site "Hoogeveen NED"]
[Date "2006.10.27"]
[Round "8.7"]
[White "Grooten, Herman"]
[Black "Dvoirys, Semen I"]
[Result "1/2-1/2"]
[WhiteElo "2387"]
[BlackElo "2553"]
[EventDate "2006.10.20"]
[PlyCount "136"]

1.d4 Nf6 2.c4 g6 3.Nc3 d5 4.Bg5 Ne4 5.Bh4 Nxc3 6.bxc3 dxc4 7.e3 Qd5 8.Be2 
c5 9.Qa4+ Bd7 10.Qxc4 Qxc4 11.Bxc4 Nc6 12.Nf3 cxd4 13.cxd4 Rc8 14.Nd2 Bh6 
15.f4 Bg7 16.h3 O-O 17.Rb1 Rc7 18.Ke2 Bf5 19.Bd3 Bxd3+ 20.Kxd3 Rfc8 21.Rb5
b6 22.g4 Na5 23.Ne4 Kf8 24.f5 Rc2 25.Ra1 Rh2 26.Nf2 g5 27.Bg3 Rg2 28.Ne4 
Rcc2 29.Be1 Nc4 30.Bc3 Rge2 31.f6 Bxf6 32.Nxf6 exf6 33.Kxc4 Rxe3 34.Rb3 
b5+ 35.Kb4 a5+ 36.Kxa5 Rcxc3 37.Rxc3 Rxc3 38.Kxb5 Ra3 39.Kb4 Rd3 40.a4 
Rxd4+ 41.Kc5 Rd2 42.a5 Rc2+ 43.Kd4 Rd2+ 44.Ke3 Rd7 45.a6 Ra7 46.Ke4 Kg7 
47.Kd4 f5 48.gxf5 Kf6 49.Ra5 h5 50.Ke4 Re7+ 51.Kf3 Ra7 52.Kg3 Ke7 53.h4 f6
54.Ra1 Kd7 55.Kf3 g4+ 56.Ke4 Kc6 57.Rc1+ Kd6 58.Rd1+ Kc6 59.Rc1+ Kd6 60.
Ra1 Kc6 61.Kd4 Kb6 62.Kd5 Rxa6 63.Re1 Kc7 64.Re7+ Kd8 65.Rh7 g3 66.Rxh5 g2
67.Rh8+ Ke7 68.Rg8 Ra5+ 1/2-1/2

[Event "10th Essent op"]
[Site "Hoogeveen NED"]
[Date "2006.10.27"]
[Round "8.9"]
[White "Van der Wiel, John"]
[Black "Willemze, Jeroen"]
[Result "1/2-1/2"]
[WhiteElo "2522"]
[BlackElo "2423"]
[EventDate "2006.10.20"]
[PlyCount "37"]

1.e4 c6 2.Nf3 d5 3.exd5 cxd5 4.Ne5 Nf6 5.d4 g6 6.h4 Bg7 7.h5 Nxh5 8.Rxh5 
gxh5 9.Qxh5 Bxe5 10.Qxe5 Rg8 11.Nc3 Nc6 12.Qh5 Be6 13.Qxh7 Kd7 14.Be3 Qa5 
15.a3 Rac8 16.O-O-O a6 17.Qd3 b5 18.Bd2 Qb6 19.Bf4 1/2-1/2

[Event "10th Essent op"]
[Site "Hoogeveen NED"]
[Date "2006.10.27"]
[Round "8.10"]
[White "Dambacher, Martijn"]
[Black "Piskov, Yury"]
[Result "1-0"]
[WhiteElo "2429"]
[BlackElo "2452"]
[EventDate "2006.10.20"]
[PlyCount "77"]

1.d4 d5 2.c4 e6 3.Nc3 f5 4.e3 Nf6 5.Bd3 c6 6.Nge2 Bd6 7.O-O O-O 8.f3 Qc7 
9.g3 dxc4 10.Bxc4 b5 11.Bd3 Nbd7 12.Qb3 Kh8 13.Bd2 a6 14.Nf4 Re8 15.Rac1 
e5 16.Ncd5 Qb7 17.dxe5 Bxe5 18.Nxf6 Nxf6 19.Qc2 Qa7 20.Kh1 c5 21.Bxf5 Bxf5
22.Qxf5 Rad8 23.Qc2 Bxf4 24.gxf4 c4 25.e4 Rd3 26.Bc3 Nh5 27.f5 Nf4 28.Rg1 
Re7 29.f6 Red7 30.fxg7+ Kg8 31.Rg3 Qe3 32.Re1 Rxc3 33.Qxc3 Qf2 34.Qf6 
Qxe1+ 35.Rg1 Qxg1+ 36.Kxg1 Rxg7+ 37.Kf1 Rf7 38.Qxa6 Nd3 39.Qxb5 1-0

[Event "10th Essent op"]
[Site "Hoogeveen NED"]
[Date "2006.10.27"]
[Round "8.11"]
[White "Ris, Robert"]
[Black "Peng, Zhaoqin"]
[Result "1/2-1/2"]
[WhiteElo "2367"]
[BlackElo "2437"]
[EventDate "2006.10.20"]
[PlyCount "109"]

1.d4 d5 2.c4 dxc4 3.Nf3 Nf6 4.e3 Bg4 5.Bxc4 e6 6.O-O Nbd7 7.Qe2 c5 8.Nc3 
Be7 9.Rd1 O-O 10.d5 exd5 11.Nxd5 Nxd5 12.Bxd5 Qc7 13.h3 Bh5 14.b3 Nf6 15.
Bb2 Rad8 16.Bc4 Ne4 17.Qc2 Bxf3 18.gxf3 Ng5 19.Qf5 g6 20.Qg4 h5 21.Qg2 
Rxd1+ 22.Rxd1 Rd8 23.Bd5 Qa5 24.f4 Qxa2 25.fxg5 Qxb2 26.Qe4 Kf8 27.Qf3 Qg7
28.Bxb7 Bxg5 29.Rd5 Be7 30.Rxd8+ Bxd8 31.Qd5 Be7 32.Kg2 Qa1 33.Qd7 Qe5 34.
Qd5 Qf6 35.Qf3 Qg5+ 36.Qg3 Qxg3+ 37.Kxg3 Bd6+ 38.Kf3 Ke7 39.Ba6 Bh2 40.Kg2
Be5 41.f4 Bb2 42.Kf3 f6 43.Bd3 Kf7 44.Bb5 Bc1 45.Ba6 g5 46.Bc4+ Ke7 47.
fxg5 fxg5 48.Ke4 Kd6 49.Be2 h4 50.Kd3 Kc6 51.Kc4 Bxe3 52.Bg4 Bd2 53.Bf5 
Kd6 54.Bg4 Bb4 55.Bf3 1/2-1/2

[Event "10th Essent op"]
[Site "Hoogeveen NED"]
[Date "2006.10.27"]
[Round "8.12"]
[White "Hort, Vlastimil"]
[Black "Van Beek, Alexander"]
[Result "1-0"]
[WhiteElo "2501"]
[BlackElo "2379"]
[EventDate "2006.10.20"]
[PlyCount "75"]

1.e4 e5 2.Nf3 Nc6 3.Bb5 a6 4.Ba4 Nf6 5.d3 d6 6.c4 g6 7.Nc3 Bg7 8.d4 Bd7 9.
d5 Ne7 10.Be3 O-O 11.Bxd7 Nxd7 12.g4 h6 13.Qd2 Kh7 14.Qc2 c6 15.h4 Rc8 16.
h5 g5 17.dxc6 Rxc6 18.Nd2 Nc5 19.Bxc5 Rxc5 20.Qd3 Qd7 21.f3 Rfc8 22.O-O 
Kg8 23.Rad1 R5c6 24.b3 Kf8 25.Rfe1 Ng8 26.Nf1 Qe6 27.Ne3 Bf6 28.Nf5 Bd8 
29.Nd5 Ba5 30.Re2 Rd8 31.b4 Bc7 32.Nxc7 Rxc7 33.c5 d5 34.exd5 Rcd7 35.d6 
Nf6 36.Rde1 e4 37.Qd4 Kg8 38.Rxe4 1-0

[Event "10th Essent op"]
[Site "Hoogeveen NED"]
[Date "2006.10.27"]
[Round "8.13"]
[White "Hendriks, Willy"]
[Black "Shumiakina, Tatiana"]
[Result "1/2-1/2"]
[WhiteElo "2438"]
[BlackElo "2363"]
[EventDate "2006.10.20"]
[PlyCount "105"]

1.e4 c5 2.Nf3 Nc6 3.d4 cxd4 4.Nxd4 Nf6 5.Nc3 e5 6.Ndb5 d6 7.Bg5 a6 8.Na3 
b5 9.Bxf6 gxf6 10.Nd5 f5 11.Bd3 Be6 12.O-O Bxd5 13.exd5 Ne7 14.c3 Bg7 15.
Re1 O-O 16.Qh5 e4 17.Bf1 Qd7 18.Rad1 Ng6 19.Nc2 Rae8 20.Nd4 f4 21.Qf5 Qe7 
22.a4 bxa4 23.Bxa6 Qa7 24.Bb5 Bxd4 25.Rxd4 Re5 26.Qd7 Qxd7 27.Bxd7 Rb8 28.
Rd2 e3 29.fxe3 fxe3 30.Rde2 Nf4 31.Rxe3 Rxe3 32.Rxe3 Rxb2 33.Bxa4 Rxg2+ 
34.Kf1 Rxh2 35.c4 Rd2 36.Re4 Nd3 37.Rd4 Rf2+ 38.Kg1 Ra2 39.Rxd3 Rxa4 40.
Rc3 Ra2 41.c5 dxc5 42.Rxc5 Kg7 43.Kf1 Ra7 44.Ke2 Kf6 45.Rc6+ Ke5 46.Rh6 f6
47.Kf3 Rf7 48.Rh5+ f5 49.Rh6 Rd7 50.Re6+ Kxd5 51.Re1 Kc6 52.Kf4 Rd5 53.Re5
1/2-1/2

[Event "10th Essent op"]
[Site "Hoogeveen NED"]
[Date "2006.10.27"]
[Round "8.15"]
[White "Van Delft, Merijn"]
[Black "Slingerland, Fred"]
[Result "1/2-1/2"]
[WhiteElo "2404"]
[BlackElo "2331"]
[EventDate "2006.10.20"]
[PlyCount "29"]

1.e4 c5 2.Nf3 Nc6 3.d4 cxd4 4.Nxd4 Nf6 5.Nc3 d6 6.Bg5 e6 7.Qd2 a6 8.O-O-O 
Bd7 9.f3 Be7 10.Be3 Nxd4 11.Qxd4 Bc6 12.g4 h6 13.h4 d5 14.e5 Nd7 15.Rh3 
1/2-1/2

[Event "10th Essent op"]
[Site "Hoogeveen NED"]
[Date "2006.10.27"]
[Round "8.16"]
[White "Vedder, Richard"]
[Black "Donchenko, Anatoly G"]
[Result "1/2-1/2"]
[WhiteElo "2248"]
[BlackElo "2395"]
[EventDate "2006.10.20"]
[PlyCount "56"]

1.e4 c5 2.Nf3 e6 3.c3 Nf6 4.e5 Nd5 5.d4 cxd4 6.cxd4 d6 7.Nc3 Nxc3 8.bxc3 
Qc7 9.Bd2 Nd7 10.exd6 Bxd6 11.Bd3 b6 12.O-O Bb7 13.Re1 O-O 14.h3 Bf4 15.
Ng5 h6 16.Ne4 Rac8 17.Bxf4 Qxf4 18.Re3 Bxe4 19.Rxe4 Qd6 20.Re3 Nf6 21.Rg3 
Rfd8 22.Qf3 Kf8 23.Ba6 Rc7 24.a4 Qc6 25.Qxc6 Rxc6 26.Rd3 Nd5 27.Ra3 Nf4 
28.Rf3 g5 1/2-1/2

[Event "10th Essent op"]
[Site "Hoogeveen NED"]
[Date "2006.10.27"]
[Round "8.17"]
[White "Willemze, Thomas"]
[Black "Mamedjarova, Turkan"]
[Result "1-0"]
[WhiteElo "2384"]
[BlackElo "2274"]
[EventDate "2006.10.20"]
[PlyCount "129"]

1.e4 e5 2.Nf3 Nc6 3.Nc3 Nf6 4.Bb5 Nd4 5.O-O Nxb5 6.Nxb5 c6 7.Nc3 d6 8.d4 
Qc7 9.h3 Be7 10.a4 O-O 11.Re1 h6 12.b3 exd4 13.Nxd4 Qa5 14.Qd2 Qh5 15.Nde2
Qh4 16.Nf4 Nh5 17.Nxh5 Qxh5 18.Ne2 Rd8 19.c4 Bf6 20.Bb2 Bg5 21.Qa5 Qg6 22.
Nf4 Qh7 23.Nh5 Qg6 24.Qc3 f6 25.Qf3 Be6 26.Ng3 Bd2 27.Red1 Bb4 28.Nh5 Bf7 
29.Nf4 Qg5 30.Rd3 b5 31.cxb5 cxb5 32.Nd5 a5 33.axb5 Bxd5 34.Rxd5 Qg6 35.
Qd3 Re8 36.Rf5 Rac8 37.Rc1 Qf7 38.Rd5 Qa7 39.Rxc8 Rxc8 40.Bd4 Qb7 41.Kh2 
Rc1 42.Bb2 Rc5 43.Bd4 Rc1 44.f4 Re1 45.Qc4 Rxe4 46.Rxd6+ Kh7 47.Qd5 Qxd5 
48.Rxd5 Re7 49.Bc5 Bxc5 50.Rxc5 Re3 51.b4 a4 52.b6 Re4 53.b5 Re6 54.Rc6 
Re7 55.Rc4 Re6 56.Rxa4 Rxb6 57.Rb4 Kg6 58.Kg3 Kf5 59.Kf3 g5 60.g4+ Ke6 61.
fxg5 fxg5 62.Ke4 Rb8 63.b6 Rf8 64.Rb5 Kd6 65.b7 1-0

[Event "10th Essent op"]
[Site "Hoogeveen NED"]
[Date "2006.10.27"]
[Round "8.18"]
[White "Okkes, Menno"]
[Black "Smerdon, David"]
[Result "0-1"]
[WhiteElo "2355"]
[BlackElo "2473"]
[EventDate "2006.10.20"]
[PlyCount "132"]

1.e4 d5 2.exd5 Nf6 3.d4 Bg4 4.Be2 Bxe2 5.Qxe2 Qxd5 6.Nf3 e6 7.c4 Qf5 8.O-O
Be7 9.Nc3 O-O 10.Ne5 h6 11.g4 Qh7 12.Bf4 c6 13.a3 Re8 14.Kh1 c5 15.dxc5 
Bxc5 16.Rad1 Nc6 17.Nxc6 bxc6 18.Be5 Qg6 19.Bxf6 Qxf6 20.Ne4 Qe7 21.b4 Bb6
22.Nd6 Red8 23.c5 Bc7 24.Qd3 Rd7 25.Nf5 exf5 26.Qxd7 Qe5 27.f4 Qe4+ 28.Kg1
Qe3+ 29.Kh1 Qe4+ 30.Kg1 Bxf4 31.Qxf5 Be3+ 32.Rf2 Qc4 33.Rf1 a5 34.Kg2 Bxf2
35.Rxf2 axb4 36.axb4 Re8 37.h3 g6 38.Qf3 Re4 39.Qf6 Qd5 40.Kh2 Rxb4 41.Re2
Rb8 42.Qe7 Rb1 43.Qe3 Qh1+ 44.Kg3 Qg1+ 45.Qxg1 Rxg1+ 46.Kf4 Kg7 47.Rc2 Rd1
48.h4 Rd4+ 49.Ke5 Rd5+ 50.Kf4 Kf6 51.Rc4 Re5 52.Rc1 Ke6 53.Rc2 g5+ 54.hxg5
hxg5+ 55.Kf3 Kd5 56.Kg3 Kd4 57.Rf2 Rxc5 58.Rxf7 Re5 59.Rd7+ Rd5 60.Rc7 c5 
61.Kf3 Re5 62.Rd7+ Kc3 63.Rf7 c4 64.Rf5 Kd4 65.Rf7 c3 66.Rd7+ Kc4 0-1

[Event "10th Essent op"]
[Site "Hoogeveen NED"]
[Date "2006.10.27"]
[Round "8.19"]
[White "Van Kooten, Luuk"]
[Black "Berger, Steve"]
[Result "0-1"]
[WhiteElo "2291"]
[BlackElo "2412"]
[EventDate "2006.10.20"]
[PlyCount "74"]

1.d4 e6 2.c4 Nf6 3.Nc3 Bb4 4.e3 b6 5.Bd3 Bb7 6.Ne2 c5 7.O-O O-O 8.a3 Bxc3 
9.bxc3 cxd4 10.cxd4 d5 11.f3 Nc6 12.cxd5 exd5 13.Ra2 Re8 14.g4 Re7 15.Ng3 
Ne8 16.Nf5 Re6 17.Rg2 Ne7 18.g5 Nxf5 19.Bxf5 Rc6 20.Re1 Bc8 21.Bd3 Bh3 22.
Rg3 Be6 23.Bb5 Rc3 24.Bb2 Rc7 25.e4 Nd6 26.Bf1 Nc4 27.Bc1 Qd6 28.e5 Qd7 
29.f4 Rac8 30.f5 Bxf5 31.Bf4 Nb2 32.e6 fxe6 33.Qh5 Qf7 34.g6 Bxg6 35.Qh4 
Rf8 36.Rf3 Be4 37.Rf2 Qg6+ 0-1

[Event "10th Essent op"]
[Site "Hoogeveen NED"]
[Date "2006.10.27"]
[Round "8.21"]
[White "Hoeksema, Hendrik Pieter"]
[Black "Archangelsky, Mikhail"]
[Result "1/2-1/2"]
[WhiteElo "2374"]
[BlackElo "2270"]
[EventDate "2006.10.20"]
[PlyCount "41"]

1.d4 d5 2.c4 c6 3.Nf3 Nf6 4.Nc3 a6 5.a4 e6 6.e3 c5 7.Bd3 Nc6 8.O-O cxd4 9.
exd4 dxc4 10.Bxc4 Be7 11.Be3 O-O 12.Ne5 Nb4 13.Qf3 Nfd5 14.h3 Qd6 15.Rac1 
b6 16.Bf4 Bb7 17.Bg3 Qd8 18.Qe2 Bd6 19.Rfe1 Qe7 20.Nxd5 Bxd5 21.Bxd5 
1/2-1/2

[Event "10th Essent op"]
[Site "Hoogeveen NED"]
[Date "2006.10.27"]
[Round "8.22"]
[White "Wempe, Joost"]
[Black "Vul, Arkady"]
[Result "1-0"]
[WhiteElo "2268"]
[BlackElo "2365"]
[EventDate "2006.10.20"]
[PlyCount "160"]

1.d4 d5 2.c4 e6 3.Nf3 Nf6 4.Bg5 c6 5.Nc3 Be7 6.e3 O-O 7.Qc2 Nbd7 8.cxd5 
Nxd5 9.Bxe7 Qxe7 10.Nxd5 exd5 11.Bd3 Nf6 12.O-O Ne4 13.Rab1 Bf5 14.b4 Rac8
15.Ne5 f6 16.f3 fxe5 17.fxe4 Bg6 18.Rxf8+ Rxf8 19.exd5 exd4 20.Bxg6 Qxe3+ 
21.Kh1 hxg6 22.h3 cxd5 23.Rd1 Rf5 24.Qc7 d3 25.Qc3 d4 26.Qxd3 Qxd3 27.Rxd3
Rd5 28.Kh2 Kf7 29.Kg3 Ke6 30.Kf4 Rf5+ 31.Ke4 Rf2 32.Rg3 Kf6 33.a3 Rd2 34.
Rf3+ Ke7 35.Rg3 Kf7 36.Rf3+ Kg8 37.g3 g5 38.Rd3 Rh2 39.g4 Kf7 40.Kf5 Rc2 
41.Rxd4 Rc3 42.a4 Rc7 43.Kxg5 a5 44.Rf4+ Kg8 45.b5 Re7 46.Kf5 Kf7 47.Rc4 
Rd7 48.b6 Rd5+ 49.Ke4 Rd1 50.Kf5 Rd5+ 51.Ke4 Rd1 52.Rc7+ Ke6 53.Rxb7 Ra1 
54.Rxg7 Rxa4+ 55.Kf3 Ra3+ 56.Kg2 Rb3 57.Ra7 Rxb6 58.Rxa5 Kf6 59.Kg3 Kg6 
60.Rf5 Rb3+ 61.Rf3 Rb4 62.h4 Ra4 63.h5+ Kg5 64.Rf5+ Kh6 65.Rf6+ Kg7 66.Rc6
Rb4 67.Kh4 Rb5 68.Rc4 Rb7 69.g5 Kh7 70.Kg4 Ra7 71.h6 Rb7 72.Rc5 Kg6 73.
Rc6+ Kh7 74.Kh5 Rb5 75.Rf6 Ra5 76.Rf7+ Kg8 77.Re7 Rb5 78.Kg6 Rb6+ 79.Kf5 
Rb5+ 80.Re5 Rb8 1-0

[Event "10th Essent op"]
[Site "Hoogeveen NED"]
[Date "2006.10.27"]
[Round "8.23"]
[White "Van de Oudeweetering, Arthur"]
[Black "Doggers, Peter"]
[Result "1-0"]
[WhiteElo "2364"]
[BlackElo "2252"]
[EventDate "2006.10.20"]
[PlyCount "85"]

1.e4 e5 2.Nf3 Nc6 3.Bb5 a6 4.Bxc6 dxc6 5.O-O f6 6.d4 Bg4 7.dxe5 Qxd1 8.
Rxd1 fxe5 9.Nbd2 Bd6 10.h3 Bh5 11.Nc4 Bxf3 12.gxf3 O-O-O 13.Bg5 Rd7 14.Rd3
b5 15.Ne3 Be7 16.Rxd7 Kxd7 17.f4 exf4 18.Bxf4 Nf6 19.Rd1+ Ke6 20.Nf5 Bc5 
21.Nxg7+ Kf7 22.Nf5 Nxe4 23.Be3 Kf6 24.Bxc5 Nxc5 25.Ng3 Rg8 26.Rd4 Ne6 27.
Rh4 Rd8 28.Rh6+ Ke5 29.Rh5+ Kf6 30.Rh6+ Ke5 31.Rxh7 Rd1+ 32.Kg2 Rb1 33.
Rh5+ Kf6 34.Ne4+ Kf7 35.Rf5+ Kg7 36.Re5 Kf7 37.Rf5+ Kg7 38.Re5 Kf7 39.h4 
Rxb2 40.Rf5+ Kg7 41.h5 Nd4 42.Rf6 Rxc2 43.h6+ 1-0

[Event "10th Essent op"]
[Site "Hoogeveen NED"]
[Date "2006.10.27"]
[Round "8.24"]
[White "Pruijssers, Roeland"]
[Black "Bensdorp, Marlies"]
[Result "1-0"]
[WhiteElo "2339"]
[BlackElo "2264"]
[EventDate "2006.10.20"]
[PlyCount "59"]

1.e4 e6 2.d4 d5 3.Nc3 dxe4 4.Nxe4 Qd5 5.Bd3 Nf6 6.Nxf6+ gxf6 7.Nf3 b6 8.c4
Qa5+ 9.Bd2 Bb4 10.Be4 c6 11.a3 Bxd2+ 12.Nxd2 Bb7 13.O-O Nd7 14.b4 Qg5 15.
f4 Qh6 16.Qa4 O-O 17.Bxc6 Bxc6 18.Qxc6 Rfd8 19.Ne4 Rac8 20.Qb5 Nb8 21.Rad1
f5 22.Ng5 Qf6 23.Nf3 a6 24.Qxb6 Rc6 25.Qb7 Rxc4 26.Ne5 Rc3 27.Rc1 Rxc1 28.
Rxc1 Rf8 29.Rc8 Qg7 30.Qxb8 1-0

[Event "10th Essent op"]
[Site "Hoogeveen NED"]
[Date "2006.10.27"]
[Round "8.25"]
[White "De Jong, Migchiel"]
[Black "Afek, Yochanan"]
[Result "0-1"]
[WhiteElo "2263"]
[BlackElo "2372"]
[EventDate "2006.10.20"]
[PlyCount "54"]

1.Nf3 Nf6 2.c4 c5 3.g3 g6 4.Bg2 Bg7 5.O-O O-O 6.d4 cxd4 7.Nxd4 d5 8.cxd5 
Nxd5 9.Nc3 Nxc3 10.bxc3 e5 11.Nb5 Qa5 12.Qb3 Be6 13.c4 Nc6 14.Bb2 Rfd8 15.
e3 Qb6 16.Bc3 a6 17.Na3 Qc5 18.Rfc1 b5 19.Bb2 Na5 20.Qc2 b4 21.Nb1 Rac8 
22.Nd2 Nxc4 23.Nxc4 Qxc4 24.Qa4 Qe2 25.Rxc8 Rxc8 26.Qxb4 Rc2 27.Qb8+ Bf8 
0-1

[Event "10th Essent op"]
[Site "Hoogeveen NED"]
[Date "2006.10.27"]
[Round "8.26"]
[White "Bednar, Jaromir"]
[Black "Giddins, Stephen"]
[Result "1-0"]
[WhiteElo "2369"]
[BlackElo "2197"]
[EventDate "2006.10.20"]
[PlyCount "61"]

1.e4 Nc6 2.Nf3 d6 3.Bc4 Nf6 4.d3 e6 5.Qe2 Be7 6.c3 Na5 7.Bb5+ Bd7 8.d4 
Bxb5 9.Qxb5+ c6 10.Qe2 d5 11.e5 Nd7 12.O-O O-O 13.Nbd2 b6 14.Re1 c5 15.Nf1
Nc6 16.Bf4 Qc7 17.h4 Qb7 18.Ne3 b5 19.Ng4 b4 20.Qe3 bxc3 21.bxc3 cxd4 22.
cxd4 Nb4 23.Rab1 Qa6 24.Red1 Rfc8 25.Bh6 gxh6 26.Qxh6 Qxa2 27.Nf6+ Nxf6 
28.exf6 Bf8 29.Qg5+ Kh8 30.Rxb4 Rc7 31.Rdb1 1-0

[Event "10th Essent op"]
[Site "Hoogeveen NED"]
[Date "2006.10.27"]
[Round "8.27"]
[White "Potze, Rudolf"]
[Black "Tondivar, Babak"]
[Result "1-0"]
[WhiteElo "2122"]
[BlackElo "2367"]
[EventDate "2006.10.20"]
[PlyCount "87"]

1.e4 e5 2.Nf3 Nc6 3.Bb5 a6 4.Ba4 Nf6 5.O-O Be7 6.Re1 b5 7.Bb3 d6 8.c3 O-O 
9.h3 h6 10.a4 Bd7 11.d3 Re8 12.Nbd2 Bf8 13.Nf1 Na5 14.Bc2 c5 15.Ne3 Qc7 
16.Nh2 Be6 17.Nhg4 Be7 18.axb5 axb5 19.Nxf6+ Bxf6 20.Qf3 Bg5 21.Nf5 Bxc1 
22.Raxc1 Kh7 23.Qh5 Nc6 24.Ra1 Ne7 25.Ne3 Kg8 26.g3 Rxa1 27.Rxa1 d5 28.Ra6
Rd8 29.exd5 Nxd5 30.Ng4 Qb7 31.Ra1 Bxg4 32.Qxg4 b4 33.Rb1 Qa6 34.Qc4 Qa5 
35.d4 cxd4 36.cxd4 exd4 37.Rd1 Nb6 38.Qc7 Rc8 39.Rxd4 g6 40.Rd8+ Rxd8 41.
Qxd8+ Kg7 42.Qd4+ Kg8 43.Bb3 Qb5 44.Qf6 1-0

[Event "10th Essent op"]
[Site "Hoogeveen NED"]
[Date "2006.10.27"]
[Round "8.28"]
[White "Clemens, Adrian HP"]
[Black "Van Weersel, Arlette"]
[Result "1-0"]
[WhiteElo "2323"]
[BlackElo "2156"]
[EventDate "2006.10.20"]
[PlyCount "117"]

1.d4 Nf6 2.c4 e6 3.Nc3 Bb4 4.Qc2 O-O 5.a3 Bxc3+ 6.Qxc3 b6 7.Bg5 Bb7 8.Nf3 
d6 9.Nd2 Nbd7 10.f3 c5 11.e4 e5 12.d5 a6 13.Qc2 Re8 14.Be2 Nf8 15.g3 Bc8 
16.h4 Rb8 17.h5 b5 18.g4 h6 19.Bh4 N8h7 20.Kf2 Ng5 21.Kg2 Bd7 22.Rab1 b4 
23.axb4 Rxb4 24.Ra1 Qb6 25.b3 a5 26.Ra2 Ra8 27.Rha1 Qa6 28.Bd1 Qb6 29.Be1 
a4 30.bxa4 Rb8 31.a5 Qa6 32.Be2 Ne8 33.Nb1 R4b7 34.Nc3 Nc7 35.Na4 Nh7 36.
Nb6 Nf8 37.Bd2 f6 38.Rb1 Qa7 39.Nxd7 Nxd7 40.Rab2 Na6 41.Rxb7 Rxb7 42.Rb5 
Nc7 43.Rb3 Qb8 44.Bd1 Rxb3 45.Qxb3 Qxb3 46.Bxb3 Kf7 47.Ba4 Nb8 48.Bb5 Ke7 
49.f4 exf4 50.Kf3 Nba6 51.Kxf4 Nb4 52.Bxb4 cxb4 53.Ke3 f5 54.gxf5 Kf6 55.
a6 Ke5 56.a7 b3 57.Kd3 b2 58.Kc2 Kxe4 59.Kxb2 1-0

[Event "10th Essent op"]
[Site "Hoogeveen NED"]
[Date "2006.10.27"]
[Round "8.29"]
[White "Ahlers, Ben"]
[Black "Mamedjarova, Zeinab"]
[Result "0-1"]
[WhiteElo "2184"]
[BlackElo "2318"]
[EventDate "2006.10.20"]
[PlyCount "50"]

1.d4 f5 2.g3 Nf6 3.Bg2 g6 4.Nh3 Bg7 5.Nf4 O-O 6.O-O d6 7.d5 c6 8.c4 e5 9.
dxe6 Na6 10.Qc2 Nc7 11.Rd1 Qe7 12.Nc3 Nxe6 13.Nxe6 Bxe6 14.Bf4 Rad8 15.b3 
Nh5 16.Bd2 f4 17.Be1 Bf5 18.Qd2 Be5 19.Rac1 g5 20.e3 Qf7 21.Qe2 Bg6 22.
exf4 gxf4 23.Be4 Rde8 24.Qg4 fxg3 25.hxg3 Bxc3 0-1